Transgender architectonics : the shape of change in modernist space /
Saved in:
| Main Author: | |
|---|---|
| Format: | Book |
| Language: | English |
| Published: |
Farnham ; Burlington :
Ashgate,
2015
|
| Series: | Gender, bodies and trasformation
|
| Tags: |
No Tags, Be the first to tag this record!
|
MARC
| LEADER | 00000nam a22000007i 4500 | ||
|---|---|---|---|
| 001 | IT\ICCU\VEA\1204589 | ||
| 003 | ItRI | ||
| 005 | 20260115232001.0 | ||
| 008 | 170127s2015 xxk|||||| ||||| |||||c | ||
| 020 | |a 9780367597344 (pbk 2020) | ||
| 020 | |a 9781472450975 | ||
| 040 | |b ita |c importazione bologna sebina | ||
| 041 | 7 | |a eng |2 ISO-639-2 | |
| 100 | 1 | |a Crawford, Lucas |0 IT\ICCU\VEAV\513930 | |
| 240 | 1 | 0 | |a Transgender architectonics |3 IT\ICCU\UBO\4878394 |9 Crawford, Lucas |
| 245 | 1 | 0 | |a Transgender architectonics : |b the shape of change in modernist space / |c Lucas Crawford. |
| 260 | |a Farnham ; |a Burlington : |b Ashgate, |c 2015 | ||
| 300 | |a 178 p. ; |c 24 cm. | ||
| 830 | 0 | |a Gender, bodies and trasformation |0 IT\ICCU\VEA\1204862 | |
| 942 | |2 ddc |c BK |n 0 | ||
| 952 | |0 0 |1 0 |4 0 |6 T_306_768000000000000_CRA |7 0 |9 18496 |a BO |b BO |d 2026-01-15 |i 20751 |l 0 |o T 306.768 CRA |p BO20751 |r 2026-01-15 23:20:01 |w 2026-01-15 |x [Sebina 5] [1 v.] |y BK |z 1 v. | ||
| 999 | |c 15660 |d 15660 | ||